Orientaciones psicopedagógicas para la integración del deficiente
Сохранить в:
| Главные авторы: | , |
|---|---|
| Формат: | |
| Язык: | испанский |
| Опубликовано: |
Madrid
CEPE
1981
|
| Редактирование: | 4a. ed |
| Серии: | Colección educación especial, 1
|
| Предметы: | |
| Метки: |
Добавить метку
Нет меток, Требуется 1-ая метка записи!
|
MARC
| LEADER | 00000cam a2200000 a 4500 | ||
|---|---|---|---|
| 001 | UCY9076 | ||
| 003 | CL-VaPUC | ||
| 008 | 950707e19810000SP |||||||||||||||||spa|d | ||
| 020 | |a 8485252160 | ||
| 082 | 0 | 4 | |a 371.92 |b PER |2 21 |
| 100 | 0 | |a Pérez-Portabella, Francisco Javier |e author |9 341104 | |
| 700 | 0 | |a Urquía Martínez, Begoña |e author |9 341105 | |
| 245 | 1 | 0 | |a Orientaciones psicopedagógicas para la integración del deficiente |
| 250 | |a 4a. ed | ||
| 300 | |a 371 p | ||
| 942 | |c BK | ||
| 945 | |d 19950707 00:00:00 |a lriquelm | ||
| 260 | |a Madrid |b CEPE |c 1981 | ||
| 650 | 0 | |a Educación especial |9 307486 | |
| 650 | 0 | |a Deficiencia mental |9 334734 | |
| 650 | 0 | |a Minusválidos mentales |9 311830 | |
| 650 | 0 | |a Métodos de enseñanza |9 270413 | |
| 583 | |a last modification |c 20120613 10:55:00 |k Rodrigo Vera | ||
| 490 | 0 | |a Colección educación especial, 1 | |
| 999 | |c 236248 |d 236246 | ||
| 952 | |0 0 |1 0 |4 0 |6 371_920000000000000_PER_1981 |7 0 |8 A |9 244258 |a BIBEDU |b BIBEDU |d 2019-11-18 |i 1532456 |o 371.92 PER 1981 |p 1532456 |r 2019-11-18 |w 2019-11-18 |y BK |k EDU | ||
| 952 | |0 0 |1 0 |4 0 |6 371_920000000000000_PER_1981 |7 0 |8 A |9 244259 |a BIBEDU |b BIBEDU |d 2019-11-18 |i 1532464 |o 371.92 PER 1981 |p 1532464 |r 2019-11-18 |w 2019-11-18 |y BK |k EDU | ||
| 952 | |0 0 |1 0 |4 0 |6 371_920000000000000_PER_1981 |7 0 |8 A |9 244260 |a BIBEDU |b BIBEDU |d 2019-11-18 |i 4877357 |o 371.92 PER 1981 |p 4877357 |r 2019-11-18 |w 2019-11-18 |y BK |k EDI | ||